Engineering mechanics (Record no. 878)

000 -LEADER
fixed length control field 00430nam a22001697a 4500
008 - FIXED-LENGTH DATA ELEMENTS--GENERAL INFORMATION
fixed length control field 191227b ||||| |||| 00| 0 eng d
082 00 - DEWEY DECIMAL CLASSIFICATION NUMBER
Classification number 620.1
Item number H634
100 ## - MAIN ENTRY--PERSONAL NAME
9 (RLIN) 436
Personal name Higdon, Arkie.
245 10 - TITLE STATEMENT
Title Engineering mechanics
250 ## - EDITION STATEMENT
Edition statement 3rd
260 ## - PUBLICATION, DISTRIBUTION, ETC. (IMPRINT)
Place of publication, distribution, etc NewYork
Name of publisher, distributor, etc prentice-hall
Date of publication, distribution, etc 1951
300 ## - PHYSICAL DESCRIPTION
Extent xvii, 505p.
365 ## - TRADE PRICE
Price amount 6.12
650 #0 - SUBJECT ADDED ENTRY--TOPICAL TERM
Topical term or geographic name as entry element Applied Mechanics
700 ## - ADDED ENTRY--PERSONAL NAME
9 (RLIN) 437
Personal name Stiles, William B.
942 ## - ADDED ENTRY ELEMENTS (KOHA)
Item type Books
Holdings
Withdrawn status Lost status Source of classification or shelving scheme Damaged status Not for loan Permanent location Current location Date acquired Source of acquisition Full call number Barcode Date last seen Koha item type
          IMU Kolkata IMU Kolkata 1952-10-10 Asian publishing house 620.1 H634 00437 2019-12-27 Books
          IMU Kolkata IMU Kolkata 1952-10-10 Asian publishing house 620.1 H634 00438 2019-12-27 Books
Designed and Maintained by IMU-KC Library, Kolkata Campus © Copyright All Rights Reserved

webs counters

Powered by Koha